书目信息 |
| 题名: |
共产主义道德品质讲话
|
|
| 作者: | 孙泱 著 | |
| 分册: | ||
| 出版信息: | 北京 中国青年出版社 1980 |
|
| 页数: | 239页 | |
| 开本: | 19cm | |
| 丛书名: | ||
| 单 册: | ||
| 中图分类: | B821.1 , G41 | |
| 科图分类: | ||
| 主题词: | 共产主义道德 , 思想政治教育--学校教育 , 德育--学校教育 | |
| 电子资源: | ||
| ISBN: | ||
| 000 | 00667nam0 2200253 450 | |
| 001 | 1533937176 | |
| 005 | 20150123165748.73 | |
| 010 | @dCNY0.50 | |
| 091 | @a7009.253 | |
| 100 | @a19950605d1980 em y0chiy0110 ea | |
| 101 | 0 | @achi |
| 102 | @aCN@b110000 | |
| 105 | @ay z 000yy | |
| 200 | 1 | @a共产主义道德品质讲话@9gong chan zhu yi dao de pin zhi jiang hua@f孙泱著 |
| 210 | @a北京@c中国青年出版社@d1980 | |
| 215 | @a239页@d19cm | |
| 606 | 0 | @a共产主义道德 |
| 606 | 0 | @a思想政治教育--学校教育 |
| 606 | 0 | @a德育--学校教育 |
| 690 | @aB821.1@v5 | |
| 690 | @aG41@v4 | |
| 701 | 0 | @a孙泱@9sun yang@4著 |
| 801 | 0 | @aCN@bTSSF@c20150123 |
| 905 | @aZUCC@dG41@eJY16 | |
| 共产主义道德品质讲话/孙泱著.-北京:中国青年出版社,1980 |
| 239页;19cm |
| ISBN :CNY0.50 |
| ● |
| 相关链接 |
|
|
|
|
正题名:共产主义道德品质讲话
索取号:G41/JY16
 
预约/预借
| 序号 | 登录号 | 条形码 | 馆藏地/架位号 | 状态 | 备注 |
| 1 | 7840163 | 278401631 | 学院路分馆/ [索取号:G41/JY16] | 在馆 | |
| 2 | 7852301 | 278523019 | 学院路分馆/ [索取号:G41/JY16] | 在馆 | |
| 3 | 7852302 | 278523028 | 学院路分馆/ [索取号:G41/JY16] | 在馆 |